Mega mergers and acquisitions : (Record no. 19069)
[ view plain ]
| 000 -LEADER | |
|---|---|
| fixed length control field | 00892cam a2200241 a 4500 |
| 001 - CONTROL NUMBER | |
| control field | 17709873 |
| 005 - DATE AND TIME OF LATEST TRANSACTION | |
| control field | 20150402131317.0 |
| 008 - FIXED-LENGTH DATA ELEMENTS--GENERAL INFORMATION | |
| fixed length control field | 130424s2012 enk b 001 0 eng d |
| 020 ## - INTERNATIONAL STANDARD BOOK NUMBER | |
| International Standard Book Number | 9781137005892 |
| 020 ## - INTERNATIONAL STANDARD BOOK NUMBER | |
| International Standard Book Number | 1137005890 |
| 040 ## - CATALOGING SOURCE | |
| Original cataloging agency | BTCTA |
| Language of cataloging | eng |
| Transcribing agency | BTCTA |
| Modifying agency | UKMGB |
| -- | YDXCP |
| -- | CDX |
| -- | BDX |
| -- | NLE |
| -- | OCLCO |
| -- | YNK |
| -- | UAT |
| -- | DLC |
| 082 00 - DEWEY DECIMAL CLASSIFICATION NUMBER | |
| Classification number | 658.16 |
| Edition number | 22 |
| Item number | KUM |
| 100 1# - MAIN ENTRY--PERSONAL NAME | |
| Personal name | Kumar, B. Rajesh. |
| 245 10 - TITLE STATEMENT | |
| Title | Mega mergers and acquisitions : |
| Remainder of title | case studies from key industries / |
| Statement of responsibility, etc | B. Rajesh Kumar. |
| 260 ## - PUBLICATION, DISTRIBUTION, ETC. (IMPRINT) | |
| Place of publication, distribution, etc | Houndmills, Basingstoke, Hampshire ; |
| -- | New York : |
| Name of publisher, distributor, etc | Palgrave Macmillan, |
| Date of publication, distribution, etc | 2012. |
| 300 ## - PHYSICAL DESCRIPTION | |
| Extent | xiii, 239 p. : |
| Other physical details | tables ; |
| Dimensions | 23 cm. |
| 504 ## - BIBLIOGRAPHY, ETC. NOTE | |
| Bibliography, etc | Includes bibliographical references and index. |
| 650 #0 - SUBJECT ADDED ENTRY--TOPICAL TERM | |
| Topical term or geographic name as entry element | Consolidation and merger of corporations |
| Form subdivision | Case studies. |
| 653 ## - INDEX TERM--UNCONTROLLED | |
| Resource For college | BAEPS, Business Administration |
| Arrived date list | March2015 |
| 655 ## - INDEX TERM--GENRE/FORM | |
| Form subdivision | |
| -- | 34232 |
| 906 ## - LOCAL DATA ELEMENT F, LDF (RLIN) | |
| a | 7 |
| b | cbc |
| c | copycat |
| d | 2 |
| e | ncip |
| f | 20 |
| g | y-gencatlg |
| 942 ## - ADDED ENTRY ELEMENTS (KOHA) | |
| Source of classification or shelving scheme | Dewey Decimal Classification |
| Withdrawn status | Item status | Source of classification or shelving scheme | Damaged status | Not for loan | Vendor | Home library | Current library | Shelving location | Date acquired | Source of acquisition | Total Checkouts | Total Renewals | Full call number | Barcode | Date last seen | Date last borrowed | Koha item type | Checked out |
|---|---|---|---|---|---|---|---|---|---|---|---|---|---|---|---|---|---|---|
| Dewey Decimal Classification | Baccah | Central Library | Central Library | First floor | 19/03/2015 | 4 | 2 | 658.16 KUM | 000037632 | 15/07/2025 | 16/10/2016 | Book - Borrowing | ||||||
| Dewey Decimal Classification | Baccah | Central Library | Central Library | First floor | 19/03/2015 | 4 | 4 | 658.16 KUM | 000037633 | 22/09/2016 | 22/09/2016 | Book - Borrowing | 01/06/2017 | |||||
| Dewey Decimal Classification | Baccah | Central Library | Central Library | First floor | 19/03/2015 | 3 | 3 | 658.16 KUM | 000037634 | 15/07/2025 | 22/01/2023 | Book - Borrowing | ||||||
| Dewey Decimal Classification | Central Library | Central Library | First floor | 12/04/2018 | Purchase | 1 | 658.162 KUM | 000047619 | 15/07/2025 | 01/04/2019 | Book - Borrowing |